Tout les buteurs de l'équipe de France - Statistiques

Statistiques générales
  • Ce quiz a été pris 97 fois
    36 depuis la dernière actualisation
  • Le résultat moyen est 14 sur 63
Statistiques - réponses
Buts Joueur % Correct
57 Olivier Giroud
96%
44 Antoine Griezmann
92%
48 Kylian Mbappé
92%
41 Michel Platini
83%
31 Zinédine Zidane
83%
37 Karim Benzema
79%
11 Paul Pogba
67%
51 Thierry Henry
67%
34 David Trezeguet
54%
8 Christophe Dugarry
46%
16 Fanck Ribéry
42%
30 Juste Fontaine
42%
14 Nicolas Anelka
42%
14 Robert Pirès
42%
28 Youri Djorkaeff
42%
9 Blaise Matuidi
38%
16 Laurent Blanc
38%
18 Raymond Kopa
38%
30 Jean Pierre Papin
33%
8 Mathieu Valbuena
33%
26 Sylvain Wiltord
33%
7 André-Pierre Gignac
29%
8 Kingsley Coman
29%
20 Éric Cantona
21%
9 Florent Malouda
21%
13 Didier Six
17%
12 Bernard Lacombe
13%
8 Dimitri Payet
13%
9 Djibril Cissé
13%
15 Dominique Rocheteau
13%
15 Hervé Revelli
8%
21 Jean Nicolas
8%
20 Paul Nicolas
8%
18 Roger Piantoni
8%
10 Sidney Govou
8%
19 Jean Baratte
4%
22 Jean Vincent
4%
7 Loïc Rémy
4%
7 Patrice Loko
4%
11 Yannick Stopyra
4%
3 Celestin Olivier
0%
10 Charly Loubet
0%
6 Édouard Crut
0%
14 Émile Veinante
0%
11 Ernest Vaast
0%
15 Eugène Maës
0%
8 Fleury Di Nallo
0%
9 Franck Sauzée
0%
7 Georges Lech
0%
7 Jean Boyer
0%
2 Jean Desgranges
0%
5 Jean Sésember
0%
10 Joseph Ujlaki
0%
12 Jules Devaquez
0%
1 Julien Faubert
0%
4 Lucien Cossou
0%
7 Marcel Langiller
0%
12 Maryan Wisniewski
0%
8 Oscar Heisserer
0%
7 Philippe Gondet
0%
8 Pierre Flamion
0%
10 Roger Courtois
0%
11 Thadée Cisowski
0%
Aucun quiz correspondant
Distribution des résultats
% des personnes avec chaque résultat
Percentile par nombre de réponses
Votre historique - résultats
Vous n’avez pas pris ce quiz depuis la dernière actualisation